| 000 | 01178nam a22002657a 4500 | ||
|---|---|---|---|
| 005 | 20170124103010.0 | ||
| 010 | _aB-171612 | ||
| 020 |
_c200.00 _a8189850024 |
||
| 035 | _aB-171612 | ||
| 037 | _bCen Lib/Ret | ||
| 040 |
_aDPL _bHN |
||
| 082 |
_aक _bरायस |
||
| 100 |
_aराय, सत्यजीत _943761 |
||
| 245 |
_aकुल बारह / _cसत्यजीत राय ; अनुवादक अमर गोस्वामी |
||
| 246 |
_aKul baarah / _bby Satyajit Rai ; anuvadak Amar Goswami |
||
| 260 |
_aनयी दिल्ली _bरेमाधव पब्लिकेशन्स _c2006 |
||
| 270 |
_aपोस्ट बॉक्स नं. 3684 लाजपत नगर-II _bनयी दिल्ली _e110024 |
||
| 300 |
_a188पृ. _c21सेमी(सजिल्द ) |
||
| 650 |
_aहिंदी साहित्य _x _z _957348 |
||
| 650 |
_aहिंदी साहित्य--कहानियां _942761 |
||
| 650 |
_aHindi literature _v _957349 |
||
| 650 |
_aHindi literature--Stories _957350 |
||
| 700 |
_a गोस्वामी, अमर _947617 |
||
| 942 |
_2ddc _cHN _hक _mरायस |
||
| 999 |
_c114567 _d114567 |
||